Pohled elementaristky na soustavnou spolupráci MŠ a ZDŠ

Bibliographic Details
Main Author: Jandová, Marie (Author)
Format: Article
Language:Czech

MARC

LEADER 00000nab a2200000uu 4500
001 vtls011436509
003 SK-MaSNL
005 20260303145926.0
008 230222| xo |||||||||||||||||cze|
015 |a SNBRB 
035 |a (urnnbn)urn:nbn:sk:snk:ar-002fqp 
035 |a (uuid)1d8c868d-f112-42d2-8cf1-1e08ff2a84da 
035 |a urn:nbn:sk:snk-abcbvo 
040 |a SNKBUCL  |b slo  |c SNKBUCL  |e AACR2 
041 0 |a cze 
044 |a xo  |c SK 
100 1 |a Jandová, Marie  |4 aut  |9 742479 
245 1 0 |a Pohled elementaristky na soustavnou spolupráci MŠ a ZDŠ  |c Marie Jandová 
773 0 |t Predškolská výchova : pedagogický časopis pre učiteľky materských škôl  |g Roč. 28, č. 9 (1973-1974), s. 251-252 
958 |a OND 
958 |a EUIPO 
958 |a article16 
999 |c 2006321  |d 2008251